banner-ar

التبصرة : للامام ابى الفرج عبدالرحمن بن الجوزى (597-510هـ) / (Record no. 48746)

MARC details
000 -الفاتح
حقل البيانات ثابتة الطول 01031nam a2200229Ia 4500
005 - وقت وتاريخ اخر تعامل مع التسجيلة
رقم الضبط 20240530104551.0
008 - عناصر البيانات ثابتة الطول - معلومات عامة
حقل البيانات ثابتة الطول 140319s9999 xx 000 0 ara d
040 ## - مصدر الفهرسة
وكالة الفهرسة الأصلية GCL /
وكالة النسخ GCL
082 04 - رقم تصنيف ديوى العشرى
رقم التصنيف 214
رقم المادة ج ت
100 1# - المدخل الرئيسى - إسم شخصى
الإسم الشخصى ابن الجوزى : ابوالفرج جمال الدين عبدالرحمن بن على بن محمد بن على القرشى البغدادى
245 10 - بيان العنوان
العنوان التبصرة : للامام ابى الفرج عبدالرحمن بن الجوزى (597-510هـ) /
بيان المسئوليه,etc ابن الجوزى : ابوالفرج جمال الدين عبدالرحمن بن على بن محمد بن على القرشى البغدادى
260 ## - PUBLICATION, DISTRIBUTION, ETC. (IMPRINT)
تاريخ النشر أو التوزيع 1993
300 ## - الوصف المادى
التعداد 507 ص
650 04 - المدخل الاضافى بالموضوع-مصطلح موضوعى
مصطلح موضوعي الاسلام
650 04 - المدخل الاضافى بالموضوع-مصطلح موضوعى
مصطلح موضوعي الثقافة الاسلامية
650 04 - المدخل الاضافى بالموضوع-مصطلح موضوعى
مصطلح موضوعي الفقه الاسلامى
650 04 - المدخل الاضافى بالموضوع-مصطلح موضوعى
مصطلح موضوعي الثقافة الجماهيرية
650 04 - المدخل الاضافى بالموضوع-مصطلح موضوعى
مصطلح موضوعي الاداب
700 1# - المدخل الاضافى - اسم شخصى
الإسم الشخصى مصطفى عبدالرحمن
942 ## - عناصر المدخل الإضافي( كوها)
مصدر التصنيف او مخطط الترفيف Dewey Decimal Classification
Koha [default] item type كتاب
260 ## - PUBLICATION, DISTRIBUTION, ETC. (IMPRINT)
-- [S.N] :
-- دار الكتب العلمية للنشر والتوزيع ،
Holdings
حالة التراجع حالة الفقد حالة تلف ليس للاعارة المكان المؤقت الموقع الحالى تاريخ الاكتساب اجمالي اﻻعارات رقم الطلب الباركود تاريخ اخر مشاهدة تاريخ تفعيل السعر نوع وعاء كوها
        مكتبة القاهرة الكبرى مكتبة القاهرة الكبرى 03/26/2014   214\ج ت 117481 03/26/2014 03/26/2014 كتاب
        مكتبة القاهرة الكبرى مكتبة القاهرة الكبرى 03/26/2014   214\ج ت 117482 03/26/2014 03/26/2014 كتاب
        مكتبة القاهرة الكبرى مكتبة القاهرة الكبرى 03/26/2014   214\ج ت 117483 03/26/2014 03/26/2014 كتاب
        مكتبة القاهرة الكبرى مكتبة القاهرة الكبرى 03/26/2014   214\ج ت 117484 03/26/2014 03/26/2014 كتاب

Powered By

EGPV